[Event "OP-2023-0-05380"]
[Site "LSS email"]
[Date "2023.02.15"]
[Round "?"]
[White "Maly, Marian"]
[Black "Correa de Almeida, Claudio"]
[Result "0-1"]
[WhiteElo "726"]
[BlackElo "1435"]
[PlyCount "52"]
[EventDate "2023.02.15"]
[EventType "tourn (corr)"]
[EventRounds "4"]
[EventCountry "GER"]
[SourceTitle "Corr 2024"]
[Source "ChessBase"]
[SourceDate "2023.10.19"]
[SourceVersion "1"]
[SourceVersionDate "2023.10.19"]
[SourceQuality "1"]

1. d4 d5 2. c4 c6 3. c5 e5 4. e3 Nd7 5. Nc3 b6 6. cxb6 axb6 7. Nf3 e4 8. a3 exf3 9. Qxf3 Qf6 10. Be2 Qxf3 11. Bxf3 Ngf6 12. 0-0 g5 13. e4 g4 14. Be2 dxe4 15. b4 Bxb4 16. Bb2 Bxc3 17. Bxc3 Nd5 18. Bb2 N7f6 19. Rac1 Kd7 20. f3 gxf3 21. gxf3 Nf4 22. Bc4 e3 23. Rfe1 Rg8+ 24. Kf1 N6d5 25. Bxd5 Nxd5 26. Rc2 Ba6+ 0-1

[Event "OP-2022-0-05355"]
[Site "LSS email"]
[Date "2022.11.12"]
[Round "?"]
[White "Correa de Almeida, Claudio"]
[Black "Ralls, Nelson"]
[Result "0-1"]
[WhiteElo "1438"]
[BlackElo "2167"]
[PlyCount "78"]
[EventDate "2022.11.12"]
[EventType "tourn (corr)"]
[EventRounds "4"]
[EventCountry "GER"]
[SourceTitle "Corr 2024"]
[Source "ChessBase"]
[SourceDate "2023.10.19"]
[SourceVersion "1"]
[SourceVersionDate "2023.10.19"]
[SourceQuality "1"]

1. Nf3 Nf6 2. g3 c5 3. Bg2 Nc6 4. 0-0 e5 5. e4 d6 6. d3 g6 7. Bg5 h6 8. Bxf6 Qxf6 9. Nc3 Qd8 10. Nd2 h5 11. Nd5 Bh6 12. a4 Bg4 13. f3 Be6 14. Nc4 h4 15. c3 Bxd5 16. exd5 Na5 17. f4 Nxc4 18. dxc4 hxg3 19. hxg3 exf4 20. Qg4 Bg5 21. gxf4 Bf6 22. Rae1+ Kf8 23. Re4 Kg7 24. f5 g5 25. Qg3 Qd7 26. a5 Rae8 27. Rf2 Rxe4 28. Bxe4 Qa4 29. Bd3 Qd1+ 30. Bf1 Qc1 31. Rg2 Rh6 32. Qg4 Qe3+ 33. Rf2 Be5 34. Qf3 Bf4 35. b3 Kf6 36. a6 bxa6 37. Kg2 Rh2+ 38. Kg1 Rxf2 39. Qxf2 Qxc3 0-1

[Event "OP-2022-0-05340"]
[Site "LSS email"]
[Date "2022.10.08"]
[Round "?"]
[White "Correa de Almeida, Claudio"]
[Black "Farr, Dorota"]
[Result "0-1"]
[WhiteElo "1443"]
[BlackElo "1561"]
[PlyCount "58"]
[EventDate "2022.10.07"]
[EventType "tourn (corr)"]
[EventRounds "4"]
[EventCountry "GER"]
[SourceTitle "Corr 2024"]
[Source "ChessBase"]
[SourceDate "2023.10.19"]
[SourceVersion "1"]
[SourceVersionDate "2023.10.19"]
[SourceQuality "1"]

1. d4 Nf6 2. Bg5 d5 3. Bxf6 exf6 4. e3 Nd7 5. c4 Bb4+ 6. Nc3 dxc4 7. Bxc4 0-0 8. Nge2 f5 9. 0-0 c6 10. a3 Bd6 11. Qc2 Nf6 12. g3 Bd7 13. Nf4 Qe7 14. Be2 Bxf4 15. gxf4 h6 16. h3 Ne4 17. Bf3 Qh4 18. Bg2 Nf6 19. Qb3 b5 20. a4 Be6 21. Qa3 Kh7 22. axb5 g5 23. bxc6 Rg8 24. Ne2 g4 25. Kh1 gxh3 26. Bf3 Ne4 27. Ng3 Nxg3+ 28. fxg3 Rxg3 29. Qc3 Rag8 0-1

[Event "OP-2022-0-05320"]
[Site "LSS email"]
[Date "2022.08.23"]
[Round "?"]
[White "Correa de Almeida, Claudio"]
[Black "Farr, Dorota"]
[Result "1/2-1/2"]
[WhiteElo "1439"]
[BlackElo "1537"]
[PlyCount "61"]
[EventDate "2022.08.23"]
[EventType "tourn (corr)"]
[EventRounds "4"]
[EventCountry "GER"]
[SourceTitle "Corr 2024"]
[Source "ChessBase"]
[SourceDate "2023.10.19"]
[SourceVersion "1"]
[SourceVersionDate "2023.10.19"]
[SourceQuality "1"]

1. d4 d5 2. Bf4 Bf5 3. e3 e6 4. Bd3 Bxd3 5. Qxd3 c5 6. dxc5 Nd7 7. Nf3 Bxc5 8. 0-0 Ngf6 9. Nc3 Bb4 10. a3 Bxc3 11. Qxc3 0-0 12. Qb4 Qb6 13. Qxb6 Nxb6 14. a4 a5 15. Rfc1 Rfc8 16. Nd4 Nh5 17. b3 Nxf4 18. exf4 Nd7 19. h4 g6 20. f3 Kf8 21. Kf2 h5 22. c3 Rc5 23. g3 Nf6 24. Ra2 Ne8 25. Ke3 Nd6 26. g4 Ke7 27. g5 Rac8 28. Kd3 Kd7 29. Re2 Rd8 30. Rec2 Ke7 31. Re2 1/2-1/2

[Event "OP-2022-0-05310"]
[Site "LSS email"]
[Date "2022.07.23"]
[Round "?"]
[White "Correa de Almeida, Claudio"]
[Black "Holm, Gustav"]
[Result "0-1"]
[WhiteElo "1466"]
[BlackElo "800"]
[PlyCount "88"]
[EventDate "2022.07.12"]
[EventType "tourn (corr)"]
[EventRounds "4"]
[EventCountry "GER"]
[SourceTitle "Corr 2024"]
[Source "ChessBase"]
[SourceDate "2023.10.19"]
[SourceVersion "1"]
[SourceVersionDate "2023.10.19"]
[SourceQuality "1"]

1. d4 d5 2. Bf4 e6 3. e3 Bd6 4. Nf3 Nf6 5. Nbd2 0-0 6. Ne5 c5 7. c3 Nc6 8. Bd3 Qc7 9. Ndf3 Ne7 10. dxc5 Qxc5 11. 0-0 Ng6 12. Bxg6 hxg6 13. Rc1 b5 14. Nd3 Qb6 15. Bxd6 Qxd6 16. Nde5 Bd7 17. Qd4 Rfd8 18. a4 bxa4 19. c4 Qb4 20. c5 a5 21. c6 Be8 22. Rc2 Rdc8 23. Rfc1 Ne4 24. Qd3 Qd6 25. Qb5 a3 26. bxa3 Qxa3 27. Qb7 f6 28. Nd7 Nd6 29. Qb1 Nc4 30. Rc3 Qd6 31. Nb6 Nxb6 32. Qxb6 e5 33. Qb1 a4 34. c7 Ra7 35. Qc2 a3 36. Qa2 Bf7 37. Rc6 Qd7 38. Qa1 a2 39. h3 d4 40. exd4 Raxc7 41. Rxc7 Rxc7 42. Rd1 Rb7 43. h4 Qf5 44. Nd2 Qc2 0-1

[Event "OP-2022-0-05309"]
[Site "LSS email"]
[Date "2022.07.20"]
[Round "?"]
[White "Molina, Vicente Andres"]
[Black "Correa de Almeida, Claudio"]
[Result "0-1"]
[WhiteElo "780"]
[BlackElo "1466"]
[PlyCount "48"]
[EventDate "2022.07.07"]
[EventType "tourn (corr)"]
[EventRounds "4"]
[EventCountry "GER"]
[SourceTitle "Corr 2024"]
[Source "ChessBase"]
[SourceDate "2023.10.19"]
[SourceVersion "1"]
[SourceVersionDate "2023.10.19"]
[SourceQuality "1"]

1. d4 d5 2. c4 e6 3. Nf3 Nf6 4. Bg5 dxc4 5. Nc3 a6 6. e4 b5 7. e5 h6 8. exf6 hxg5 9. fxg7 Bxg7 10. h3 Bb7 11. Nh2 Nc6 12. Ng4 Qxd4 13. Qxd4 Nxd4 14. 0-0-0 f5 15. Ne3 0-0-0 16. f3 g4 17. fxg4 Bh6 18. Re1 f4 19. Nc2 f3+ 20. Kb1 Nxc2 21. gxf3 Nxe1 22. Be2 Nxf3 23. Bxf3 Bxf3 24. Rf1 Rhf8 0-1

[Event "OP-2022-0-05307"]
[Site "LSS email"]
[Date "2022.07.09"]
[Round "?"]
[White "Farr, Dorota"]
[Black "Correa de Almeida, Claudio"]
[Result "1-0"]
[WhiteElo "1480"]
[BlackElo "1460"]
[PlyCount "67"]
[EventDate "2022.07.03"]
[EventType "tourn (corr)"]
[EventRounds "4"]
[EventCountry "GER"]
[SourceTitle "Corr 2024"]
[Source "ChessBase"]
[SourceDate "2023.10.19"]
[SourceVersion "1"]
[SourceVersionDate "2023.10.19"]
[SourceQuality "1"]

1. d4 d5 2. e4 e6 3. Nc3 Bb4 4. e5 c5 5. a3 Ba5 6. Qg4 Ne7 7. dxc5 Bxc3+ 8. bxc3 0-0 9. Bd3 Qa5 10. Bd2 Nbc6 11. Nf3 Rd8 12. Qh5 h6 13. 0-0 Qc7 14. Bxh6 gxh6 15. Qxh6 Ng6 16. Rae1 Rf8 17. Ng5 f5 18. exf6 Rxf6 19. Bxg6 Qg7 20. Bh7+ Kf8 21. Qh4 Bd7 22. c4 Rd8 23. cxd5 exd5 24. c4 Rh6 25. Qf4+ Rf6 26. Qg3 dxc4 27. Be4 Kg8 28. Bd5+ Kf8 29. Bxc4 Bf5 30. Re3 Qh6 31. Rfe1 a5 32. h4 Qg6 33. Qc7 Rd7 34. Qc8+ 1-0

[Event "OP-2022-0-05306"]
[Site "LSS email"]
[Date "2022.07.06"]
[Round "?"]
[White "Correa de Almeida, Claudio"]
[Black "Maly, Marian"]
[Result "1-0"]
[WhiteElo "1467"]
[BlackElo "718"]
[PlyCount "25"]
[EventDate "2022.06.30"]
[EventType "tourn (corr)"]
[EventRounds "4"]
[EventCountry "GER"]
[SourceTitle "Corr 2024"]
[Source "ChessBase"]
[SourceDate "2023.10.19"]
[SourceVersion "1"]
[SourceVersionDate "2023.10.19"]
[SourceQuality "1"]

1. d4 d5 2. c4 e6 3. Nc3 dxc4 4. e4 Bb4 5. Bxc4 Nf6 6. e5 Nd5 7. Nge2 Nxc3 8. bxc3 Ba5 9. Qd3 a6 10. Qg3 g6 11. Bg5 Qd7 12. Bf6 0-0 13. Qf4 1-0

[Event "OP-2022-0-05282"]
[Site "LSS email"]
[Date "2022.04.22"]
[Round "?"]
[White "Correa de Almeida, Claudio"]
[Black "Van Boven, Maarten"]
[Result "1/2-1/2"]
[WhiteElo "1440"]
[BlackElo "1808"]
[PlyCount "54"]
[EventDate "2022.04.20"]
[EventType "tourn (corr)"]
[EventRounds "4"]
[EventCountry "GER"]
[SourceTitle "Corr 2024"]
[Source "ChessBase"]
[SourceDate "2023.10.19"]
[SourceVersion "1"]
[SourceVersionDate "2023.10.19"]
[SourceQuality "1"]

1. d4 c6 2. e4 d5 3. e5 Bf5 4. Nf3 e6 5. Be2 Ne7 6. Nbd2 Nd7 7. Nb3 Nc8 8. 0-0 Be7 9. a4 h6 10. a5 a6 11. Bd3 Bxd3 12. Qxd3 c5 13. dxc5 Na7 14. c4 Nxc5 15. Nxc5 Bxc5 16. Rd1 dxc4 17. Qc2 Qc7 18. Ra4 Rc8 19. Rxc4 Bxf2+ 20. Qxf2 Qxc4 21. Qxa7 Qb3 22. Rf1 0-0 23. Qe3 Qb5 24. b4 Rfd8 25. Qe1 Rc4 26. Bd2 Rd3 27. h3 Rc2 1/2-1/2

[Event "OP-2022-0-05259"]
[Site "LSS email"]
[Date "2022.02.19"]
[Round "?"]
[White "Swiatek, Janusz"]
[Black "Correa de Almeida, Claudio"]
[Result "1-0"]
[WhiteElo "1861"]
[BlackElo "1435"]
[PlyCount "143"]
[EventDate "2022.02.19"]
[EventType "tourn (corr)"]
[EventRounds "4"]
[EventCountry "GER"]
[SourceTitle "Corr 2024"]
[Source "ChessBase"]
[SourceDate "2023.10.19"]
[SourceVersion "1"]
[SourceVersionDate "2023.10.19"]
[SourceQuality "1"]

1. e4 c5 2. Nf3 Nc6 3. Bb5 g6 4. 0-0 Bg7 5. Bxc6 bxc6 6. Re1 Nh6 7. c3 0-0 8. h3 f5 9. e5 Nf7 10. d4 cxd4 11. cxd4 e6 12. b3 Re8 13. Nc3 d6 14. exd6 Qxd6 15. Na4 Rd8 16. Bb2 g5 17. Qc1 h6 18. Nc5 Rb8 19. Qc2 h5 20. Ba3 Qd5 21. Rad1 Bh8 22. h4 g4 23. Ne5 Bf6 24. Ng6 Re8 25. Nf4 Qd8 26. g3 Bh8 27. Nxh5 Rb5 28. Bb2 Qd6 29. a4 Rb8 30. Nf4 Bg7 31. Qc3 Qd8 32. Nh5 Bh8 33. Bc1 Rb6 34. Bf4 Qe7 35. Be5 Nxe5 36. dxe5 Qf7 37. Nf4 Bg7 38. Rd4 Rb8 39. b4 Rb6 40. Qe3 Rb8 41. Red1 a6 42. Kg2 Kh7 43. Rd8 Bh6 44. R8d4 Re7 45. Kg1 Bg7 46. Qe1 Re8 47. Qe3 Kg8 48. Kg2 Kh7 49. Kh2 Kg8 50. Kg1 Bh6 51. Qc3 Kh8 52. Qc2 Ra8 53. Qd2 Ra7 54. Rd8 Rae7 55. Rd6 Rc7 56. a5 Kh7 57. Qe3 Bf8 58. Kh2 Bh6 59. Rd8 Rce7 60. R1d6 Rf8 61. Qd4 Rxd8 62. Rxd8 Re8 63. Rd6 Bxf4 64. Qxf4 Re7 65. Qg5 Qe8 66. Qf6 Kg8 67. Qh6 Qf7 68. Rxc6 Qe8 69. Rd6 Qf8 70. Qxf8+ Kxf8 71. Nxa6 Kf7 72. Nc5 1-0

[Event "OP-2021-0-05207"]
[Site "LSS email"]
[Date "2021.11.02"]
[Round "?"]
[White "Correa de Almeida, Claudio"]
[Black "Oliveira, Luiz"]
[Result "0-1"]
[WhiteElo "1494"]
[BlackElo "1713"]
[PlyCount "112"]
[EventDate "2021.11.01"]
[EventType "tourn (corr)"]
[EventRounds "4"]
[EventCountry "GER"]
[SourceTitle "Corr 2024"]
[Source "ChessBase"]
[SourceDate "2023.10.19"]
[SourceVersion "1"]
[SourceVersionDate "2023.10.19"]
[SourceQuality "1"]

1. e4 e5 2. d4 exd4 3. Nf3 Nc6 4. Nxd4 Nf6 5. Nxc6 bxc6 6. e5 Qe7 7. Qe2 Nd5 8. c4 Ba6 9. b3 g6 10. f4 d6 11. Bb2 Bg7 12. Qf2 Nf6 13. Be2 dxe5 14. fxe5 Ne4 15. Qf4 Qb4+ 16. Kf1 Nc5 17. Qe3 Nd7 18. Kf2 0-0 19. Nd2 Nxe5 20. Bxe5 Rfe8 21. Nf3 Re6 22. Qd4 c5 23. Qb2 Bxe5 24. Nxe5 Rae8 25. Nf3 Rxe2+ 26. Qxe2 Rxe2+ 27. Kxe2 Qa3 28. Rhb1 Kg7 29. Kf2 Bc8 30. Re1 Qb2+ 31. Kg3 Bb7 32. h4 Qf6 33. Rf1 Qd6+ 34. Kf2 Qf4 35. Rh1 h6 36. Raf1 g5 37. hxg5 hxg5 38. Ke2 g4 39. Ne1 Qe4+ 40. Kd2 Qd4+ 41. Ke2 Be4 42. Rh5 Kg6 43. Rfh1 f5 44. R1h4 g3 45. Rh6+ Kg7 46. Rh7+ Kf6 47. R4h6+ Ke5 48. Re7+ Kf4 49. Rh4+ Kg5 50. Rhh7 Qb2+ 51. Kd1 Qb1+ 52. Ke2 Qxa2+ 53. Kd1 Qxb3+ 54. Kd2 Qb2+ 55. Kd1 Qd4+ 56. Ke2 Qxc4+ 0-1

[Event "OP-2021-0-05206"]
[Site "LSS email"]
[Date "2021.10.30"]
[Round "?"]
[White "Stelmes, Santana"]
[Black "Correa de Almeida, Claudio"]
[Result "1-0"]
[WhiteElo "1694"]
[BlackElo "1494"]
[PlyCount "83"]
[EventDate "2021.10.28"]
[EventType "tourn (corr)"]
[EventRounds "4"]
[EventCountry "GER"]
[SourceTitle "Corr 2024"]
[Source "ChessBase"]
[SourceDate "2023.10.19"]
[SourceVersion "1"]
[SourceVersionDate "2023.10.19"]
[SourceQuality "1"]

1. e4 c5 2. Nc3 d6 3. Nf3 Nf6 4. d4 cxd4 5. Nxd4 a6 6. h3 e6 7. g4 h6 8. Bg2 Be7 9. h4 h5 10. g5 Ng4 11. Bh3 Bd7 12. f3 Ne5 13. f4 Ng4 14. Bxg4 hxg4 15. Be3 Nc6 16. Qd2 g6 17. 0-0-0 Rc8 18. Nde2 b5 19. Ng3 Qa5 20. Kb1 b4 21. Nce2 Kd8 22. h5 gxh5 23. Rxh5 Rxh5 24. Nxh5 Kc7 25. e5 d5 26. Nf6 Bxf6 27. exf6 Rh8 28. f5 exf5 29. Nf4 Kb7 30. Qg2 Qd8 31. Qxd5 Be6 32. Nxe6 Qxd5 33. Rxd5 fxe6 34. Rd7+ Kc8 35. g6 Kxd7 36. g7 Rg8 37. f7 Rxg7 38. f8Q Rh7 39. b3 a5 40. Bc5 Nd8 41. Qg8 Rh1+ 42. Kb2 1-0

[Event "OP-2021-0-05175"]
[Site "LSS email"]
[Date "2021.08.14"]
[Round "?"]
[White "Correa de Almeida, Claudio"]
[Black "Schleef, Harald"]
[Result "0-1"]
[WhiteElo "1511"]
[BlackElo "2104"]
[PlyCount "90"]
[EventDate "2021.08.09"]
[EventType "tourn (corr)"]
[EventRounds "4"]
[EventCountry "GER"]
[SourceTitle "Corr 2024"]
[Source "ChessBase"]
[SourceDate "2023.10.19"]
[SourceVersion "1"]
[SourceVersionDate "2023.10.19"]
[SourceQuality "1"]

1. e4 e5 2. Nf3 Nc6 3. Bc4 Bc5 4. c3 Nf6 5. d4 exd4 6. b4 Bb6 7. e5 Ne4 8. Bd5 Nxc3 9. Nxc3 dxc3 10. Bg5 Ne7 11. 0-0 h6 12. Bh4 g5 13. Bg3 0-0 14. Be4 d5 15. exd6 cxd6 16. h3 Nf5 17. Bh2 Qf6 18. Qc2 Be6 19. Bxb7 Rab8 20. Be4 h5 21. g4 hxg4 22. hxg4 Nd4 23. Nxd4 Bxd4 24. Bxd6 Bxg4 25. Bxb8 Rxb8 26. Kg2 Be5 27. a3 Qf4 28. Rh1 Rd8 29. Bh7+ Kf8 30. Qe4 f5 31. Qxf4 gxf4 32. Rhe1 f3+ 33. Kg1 Bf4 34. Rac1 Bxc1 35. Rxc1 Rc8 36. Bg6 Kg7 37. Be8 Rxe8 38. Rxc3 Re1+ 39. Kh2 Kg6 40. a4 Kg5 41. a5 Re2 42. Kg1 Rb2 43. Rc4 Rb1+ 44. Kh2 Rf1 45. Kg3 Rh1 0-1

[Event "OP-2021-0-05175"]
[Site "LSS email"]
[Date "2021.08.14"]
[Round "?"]
[White "Hoppe, Arnold"]
[Black "Correa de Almeida, Claudio"]
[Result "1-0"]
[WhiteElo "1853"]
[BlackElo "1511"]
[PlyCount "113"]
[EventDate "2021.08.09"]
[EventType "tourn (corr)"]
[EventRounds "4"]
[EventCountry "GER"]
[SourceTitle "Corr 2024"]
[Source "ChessBase"]
[SourceDate "2023.10.19"]
[SourceVersion "1"]
[SourceVersionDate "2023.10.19"]
[SourceQuality "1"]

1. Nf3 d5 2. g3 c6 3. Bg2 Bg4 4. 0-0 e6 5. d4 Nd7 6. Nbd2 Ngf6 7. Re1 Be7 8. e4 dxe4 9. Nxe4 Nxe4 10. Rxe4 Nf6 11. Re1 0-0 12. c3 h6 13. h3 Bf5 14. Ne5 Nd7 15. Ng4 Bh7 16. Bf4 Nb6 17. Bd2 Nc4 18. Bc1 Nb6 19. Qb3 a5 20. a4 Bd6 21. c4 Bb4 22. Rd1 Qe7 23. Bd2 Bxd2 24. Rxd2 Qb4 25. Qxb4 axb4 26. b3 Rfd8 27. Rc1 Nd7 28. c5 Nb8 29. f4 Na6 30. Ne5 Nc7 31. Nc4 Rab8 32. Nd6 Kf8 33. h4 Ne8 34. Nxe8 Kxe8 35. Rc4 f6 36. Rxb4 Kd7 37. Rb6 g5 38. fxg5 fxg5 39. hxg5 hxg5 40. b4 Kc7 41. b5 cxb5 42. axb5 Bf5 43. d5 exd5 44. Rf6 Bg4 45. b6+ Kd7 46. Bxd5 Ke7 47. Rf7+ Ke8 48. Rf1 Ke7 49. Rd4 Be6 50. Re1 Rxd5 51. Rxd5 Kf7 52. Rf1+ Kg7 53. Rxg5+ Kh6 54. Re5 Bc4 55. Rf6+ Kg7 56. Rd6 Bb5 57. Re7+ 1-0

[Event "OP-2021-0-05175"]
[Site "LSS email"]
[Date "2021.08.14"]
[Round "?"]
[White "Molina, Vicente Andres"]
[Black "Correa de Almeida, Claudio"]
[Result "0-1"]
[WhiteElo "685"]
[BlackElo "1511"]
[PlyCount "48"]
[EventDate "2021.08.09"]
[EventType "tourn (corr)"]
[EventRounds "4"]
[EventCountry "GER"]
[SourceTitle "Corr 2024"]
[Source "ChessBase"]
[SourceDate "2023.10.19"]
[SourceVersion "1"]
[SourceVersionDate "2023.10.19"]
[SourceQuality "1"]

1. e4 c5 2. Nf3 Nc6 3. c3 d5 4. exd5 Qxd5 5. d4 Bg4 6. Na3 cxd4 7. Bc4 Qe4+ 8. Qe2 Qxe2+ 9. Bxe2 e5 10. cxd4 Bb4+ 11. Bd2 Bxa3 12. bxa3 exd4 13. Bb5 Bxf3 14. gxf3 Nf6 15. Bxc6+ bxc6 16. 0-0-0 c5 17. Rhe1+ Kd7 18. Kc2 Rhe8 19. Kd3 Kc6 20. Bg5 Nd7 21. h4 Ne5+ 22. Ke2 f6 23. Bf4 Ng6+ 24. Be3 Nxh4 0-1